[Event "Khanty-Mansiysk Governor Cup Rapid"]
[Site "Khanty-Mansiysk"]
[Date "2023.11.26"]
[Round "1"]
[White "Pervunin, Andrey"]
[Black "Tsydypov, Zhamsaran"]
[Result "0-1"]
[WhiteElo "1247"]
[BlackElo "2548"]
[PlyCount "74"]
[EventDate "2023.11.26"]
[EventType "swiss (rapid)"]
[EventRounds "11"]
[EventCountry "RUS"]
[SourceTitle "CBM 217 Extra"]
[Source "ChessBase"]
[SourceDate "2024.01.31"]
[SourceVersion "1"]
[SourceVersionDate "2024.01.31"]
[SourceQuality "1"]

1. d4 Nf6 2. c4 e6 3. Nf3 Bb4+ 4. Bd2 a5 5. a3 Bxd2+ 6. Nbxd2 d6 7. e3 0-0 8. Bd3 Nc6 9. 0-0 e5 10. d5 Ne7 11. Ne4 Ne8 12. Qc2 f5 13. Neg5 e4 14. Bxe4 fxe4 15. Qxe4 Nf6 16. Qc2 h6 17. Ne4 Nxe4 18. Qxe4 Bf5 19. Qd4 Qe8 20. b4 Qg6 21. Nh4 Qg5 22. Nxf5 Nxf5 23. Qf4 Qxf4 24. exf4 Rfe8 25. g3 Re4 26. Rfc1 axb4 27. axb4 Rxa1 28. Rxa1 Rxc4 29. Ra8+ Kf7 30. Rd8 Ne7 31. Rb8 b6 32. Kf1 Nxd5 33. Ke2 Nxb4 34. Ra8 d5 35. Ra1 d4 36. Rd1 d3+ 37. Ke3 c5 0-1